| 000 | 00730nam a2200265 i 4500 | ||
|---|---|---|---|
| 001 | 000013732 | ||
| 003 | DO-SdBNP | ||
| 005 | 20260212124425.0 | ||
| 007 | ta | ||
| 008 | 260211s190? dr 000 0 spa d | ||
| 040 |
_aDO-SdBNP _bspa _cBNPHU _erda |
||
| 041 | _aspa | ||
| 082 |
_axxx _bP699 _222 |
||
| 100 | _96436 | ||
| 245 | 1 | 0 | _aPlan de atención médecica preventiiva para ejecutivos |
| 264 | 1 |
_aSanto Domingo : _bHospital General Plaza de la Salud _c[fecha no determina] |
|
| 300 |
_a10 páginas _c21 cm. |
||
| 336 |
_2rdacontent _atexto _btxt |
||
| 337 |
_2rdamedia _asin mediación _bn |
||
| 338 |
_2rdacarrier _avolumen _bnc |
||
| 590 | _aInventariado,2026/DG | ||
| 650 | _9801 | ||
| 910 | _aDG | ||
| 942 |
_2ddc _cLF2 |
||
| 999 |
_c60307 _d60307 |
||